| 000 | 00333nam a22001337a 4500 | ||
|---|---|---|---|
| 008 | 170412b xxu||||| |||| 00| 0 eng d | ||
| 020 | _a1559030372 | ||
| 041 | _aeng | ||
| 080 | _a618 | ||
| 100 | _a10 | ||
| 101 | _aSHM | ||
| 245 |
_aPROFESIONAL SELF EVALUATION AND CONTINING EDUCATION PROGRAM _cSIEGEL.B.A |
||
| 942 |
_2udc _cBK |
||
| 999 |
_c10518 _d10518 |
||